Countries of Europe in 1360 with a Map - Statistics

General Stats
  • This quiz has been taken 57,678 times
    47,209 since last reset
  • The average score is 60 of 636
Answers on the Map
Answers color-coded by a green-red scale on the quiz's map according to % correct below.
 
Answer Stats
Countries % Correct
England
91%
Norway
91%
Sweden
91%
Portugal
87%
Scotland
87%
Denmark
85%
Byzantine Empire
81%
France (Royal Domain)
74%
Hungary
72%
Poland
72%
Sicily
69%
Ottoman Beylik
66%
Austria
65%
Tarnovo
64%
Wales
63%
Lithuania
62%
Serbia
62%
Naples
61%
Bavaria-Munich
60%
Venice
58%
Aragon
55%
Bavaria-Landshut
54%
Brittany
54%
Papal States
54%
Bavaria-Straubing
53%
Castile
53%
Muscovy
53%
Athens
50%
Hamburg
47%
Milan
47%
Alba
45%
Bohemia
45%
Bosnia
45%
Genoa
45%
Moldavia
45%
Kiev
42%
Andorra
41%
Saxony
41%
Florence
40%
Albania (Kingdom)
39%
Albania (Principality)
39%
Holland
39%
Granada
38%
San Marino
38%
Berg
37%
Frankfurt
36%
Luxembourg
36%
Blue Horde
35%
Brandenburg (Bishopric)
35%
Brandenburg (Electorate)
35%
Monaco
35%
White Horde
35%
Burgundy (County)
34%
Burgundy (Duchy)
34%
Flanders
34%
Navarra
34%
Nizhny Novgorod-Suzdal
34%
Novgorod-Seversky
34%
Wallachia
34%
Novgorod
33%
Cologne (Electorate)
32%
Cologne (Free City)
32%
Bar
31%
Bremen (Archbishopric)
31%
Bremen (Free City)
31%
Teutonic Order
30%
Béarn
29%
Riga (Archbishopric)
29%
Riga (City)
29%
Bern
28%
The Isles
28%
Frisia
27%
Geneva (Bishopric)
27%
Geneva (County)
27%
Moravia
27%
Munster (Free City)
27%
Zurich
27%
Baden
26%
Masovia
26%
Münster (Bishopric)
26%
Munster (Irish kingdom)
26%
Provence
26%
Livonian Order
25%
Pisa
25%
Hesse
24%
Schleswig
24%
Gotland
23%
Savoy
23%
Württemberg
22%
Bologna
21%
Knights Hospitaller
21%
Pomerania-Stettin
21%
Pomerania-Wolgast
21%
Salzburg
21%
Tyrol
21%
Lübeck (Bishopric)
20%
Lübeck (Free City)
20%
Nuremberg (Burgraviate)
20%
Nuremberg (Free City)
20%
Dresden
19%
Lorraine
19%
Lyon
19%
Utrecht
19%
Aachen
18%
Verona
18%
Anhalt
17%
Brabant
17%
Ragusa
17%
Strasbourg (Bishopric)
17%
Strasbourg (Free City)
17%
Zeeland
17%
Basel (Bishopric)
16%
Basel (Free City)
16%
Dortmund
16%
Mainz
16%
Modena
16%
Oldenburg
16%
Styria
16%
Ulm
16%
Aalen
15%
Kiel
15%
Lucca
15%
Perm
15%
Siena
15%
Augsburg (Bishopric)
14%
Augsburg (Free City)
14%
Essen
14%
Liège
14%
Palatinate
14%
Piedmont
14%
Pskov
14%
Thuringia
14%
Trent
14%
Trieste
14%
Breslau
12%
Clanricarde
12%
Connacht
12%
Magdeburg
12%
Padua
12%
Trier
12%
Anjou
11%
Circassia
11%
Gelre
11%
Nassau
11%
Toul (Bishopric)
11%
Toul (Free City)
11%
Auvergne
10%
Carinthia
10%
Courland
10%
Ferrara
10%
Fribourg
10%
Ravenna
10%
Ryazan
10%
Theodoro
10%
Tver
10%
Achaea
9%
Lausanne
9%
Lüneburg
9%
Mantua
9%
Rostov
9%
Smolensk
9%
Tyrone
9%
Vladimir
9%
Bourbonnais
8%
Desmond
8%
Foix
8%
Lucerne
8%
Maine
8%
Mayo
8%
Metz (Bishopric)
8%
Metz (Free City)
8%
Nevers
8%
Powys
8%
Regensburg (Bishopric)
8%
Regensburg (Free City)
8%
Taranto
8%
Urbino
8%
Würzburg
8%
Ancona
7%
Biel
7%
Carniola
7%
Hainaut
7%
Hall
7%
Hohenzollern
7%
Lippe
7%
Opole
7%
Orange
7%
Saarbrücken
7%
Schwerin (Bishopric)
7%
Schwerin (County)
7%
St. Gallen
7%
Worms (Bishopric)
7%
Worms (Free City)
7%
Yaroslavl
7%
Artois
6%
Avar Khanate
6%
Bamberg
6%
Celje
6%
Cleves
6%
Constance (Bishopric)
6%
Constance (Free City)
6%
Dorpat
6%
Empire of Simeon Uroš
6%
Kildare
6%
Lauenburg
6%
Montferrat
6%
Namur
6%
Neuchâtel
6%
Osnabrück
6%
Passau
6%
Perugia
6%
Rimini
6%
Schwyz
6%
Shirvan
6%
Uri
6%
Visby
6%
Beloozero
5%
Berry
5%
Blois
5%
Chur
5%
Dithmarschen
5%
Dobruja
5%
Gorizia
5%
Meissen (Burgraviate)
5%
Meissen (Margraviate)
5%
Naxos
5%
Ösel-Wiek
5%
Paderborn
5%
Ravensberg
5%
Ravensburg
5%
Reggio
5%
Saluzzo
5%
Thomond
5%
Valais
5%
Verden
5%
Verdun
5%
Zug
5%
Alania
4%
Aquileia
4%
Arborea
4%
Arezzo
4%
Besançon
4%
Chepstow
4%
Colmar
4%
Couto Misto
4%
Glogow
4%
Goslar
4%
Göttingen
4%
Jülich
4%
La Marche
4%
Mulhouse
4%
Ormond
4%
Pavia
4%
Samogitia
4%
Tyrconnell
4%
Urgell
4%
Vidin
4%
Warmia
4%
Alençon
3%
Brixen
3%
Cambrai
3%
Clermont
3%
Freising
3%
Fulda
3%
Glamorgan
3%
Glarus
3%
Halland
3%
Hildesheim
3%
Iașilor
3%
Legnica
3%
Loon
3%
Mark
3%
Memmingen
3%
Narbonne
3%
Nidwalden
3%
Obwalden
3%
Pembroke
3%
Rothenburg
3%
Schaumberg
3%
Schwarzburg
3%
Sion
3%
Solothurn
3%
Speyer (Bishopric)
3%
Speyer (Free City)
3%
Tarki
3%
Waldeck
3%
Zeta
3%
Ahaus
2%
Arenberg
2%
Arnsberg
2%
Arta
2%
Auxerre
2%
Belluno
2%
Bentheim
2%
Bourges
2%
Brecon
2%
Breisgau
2%
Brzeg
2%
Burgau
2%
Cammin
2%
Castell
2%
Chiny
2%
Cieszyn
2%
Colditz
2%
Culm
2%
Esslingen
2%
Évreux
2%
Fermanagh
2%
Finale
2%
Flint
2%
Forez
2%
Gruyères
2%
Haguenau
2%
Hanau
2%
Heinsberg
2%
Hohenlohe
2%
Homburg
2%
Hoya
2%
Imola
2%
Kempten (Abbacy)
2%
Kempten (Free City)
2%
Lebus
2%
Lichtenberg
2%
Lindau (County)
2%
Lindau (Free City)
2%
Mâcon
2%
Minden
2%
Monmouth
2%
Montbeliard
2%
Montfort
2%
Murom
2%
Noli
2%
Nordlingen
2%
Nysa
2%
Offenburg
2%
Olesnica
2%
Opava
2%
Oriel
2%
Oswiecim
2%
Pallars Sobirà
2%
Pesaro
2%
Pomesania
2%
Pyrmont
2%
Rendsburg
2%
Rethel
2%
Reutlingen
2%
Rochefort
2%
Ruppin
2%
Salm
2%
Sambia
2%
Schweinfurt
2%
Stargard
2%
Sundgau
2%
Swidnica
2%
Teck
2%
Tecklenburg
2%
Trakai
2%
Tübingen
2%
Vogtland
2%
Werle
2%
Wolfenbüttel
2%
Zweibrücken
2%
Abergavenny
1%
Achty
1%
Aghul
1%
Alty
1%
Angelokastro and Lepanto
1%
Apremont
1%
Badeweiler
1%
Bârlad
1%
Beichlingen
1%
Belmont
1%
Berat
1%
Berchtesgaden
1%
Beuren
1%
Biberach
1%
Bitsch
1%
Blamont
1%
Blankenburg
1%
Bolokhovia
1%
Bopfingen
1%
Braničevo
1%
Bromfield and Yale
1%
Bruchhausen
1%
Buchau
1%
Buchhorn
1%
Builth
1%
Caerleon
1%
Camerino
1%
Caus
1%
Cemais
1%
Chirk
1%
Cilgerran
1%
Cittá di Castello
1%
Clandeboye
1%
Clavesana
1%
Clifford
1%
Clun
1%
Comminges
1%
Corvey
1%
Couserans
1%
Cuijk
1%
Dagsburg
1%
Delmenhorst
1%
Denbigh
1%
Didoya
1%
Diepholz
1%
Dinkelsbühl
1%
Disentis
1%
Dobrzyń
1%
Dohna
1%
Donauwörth
1%
Doria
1%
Dreux
1%
Durdzuki
1%
Dyffryn Clwyd
1%
Eberstein
1%
Eichstätt
1%
Ellwangen
1%
Empúries
1%
Engelburg
1%
Enghien
1%
Erbach
1%
Eschenbach
1%
Everstein
1%
Falkenstein
1%
Fénétrange
1%
Fermo
1%
Fleckenstein
1%
Flenkenstein
1%
Fosdinovo
1%
Friedburg
1%
Fürstenberg
1%
Galich-Mersky
1%
Gelnhausen
1%
Gengenbach
1%
Gersau
1%
Giengen
1%
Gleichen
1%
Goldegg
1%
Gower
1%
Grubenhagen
1%
Hachberg
1%
Halberstadt
1%
Hansca
1%
Hattstatt
1%
Havelsburg
1%
Haverford
1%
Hay
1%
Hayingen
1%
Heiligenberg
1%
Helfenstein
1%
Hellenstein
1%
Henneberg
1%
Hersfeld
1%
Hohenberg
1%
Hohengeroldseck
1%
Hohenlimburg
1%
Hohnstein
1%
Hoorn
1%
Höwen
1%
Huntingdon
1%
Inowrocław
1%
Isenburg
1%
Iveagh
1%
Kaitak
1%
Katzenelnbogen
1%
Kayserberg
1%
Kevernburg
1%
Kirchberg
1%
Kling
1%
Königsegg
1%
Kornelimünster
1%
Kozelsk
1%
Kura
1%
Langres
1%
Laufenburg
1%
Leiningen
1%
Leisnig
1%
Lekia
1%
Leuchtenberg
1%
Leutkirch
1%
Limpurg
1%
Löwenstein
1%
Lubin
1%
Lützelstein
1%
Maelienydd
1%
Malaspina
1%
Manderscheid
1%
Mansfeld
1%
Merseburg
1%
Mezetsk
1%
Misox
1%
Moki
1%
Mosbach
1%
Mühlhausen
1%
Murbach
1%
Murten
1%
Naumburg
1%
Nellenburg
1%
Neopatras
1%
Neuenahr
1%
Nordhausen
1%
Novosil
1%
Obernai
1%
O'Cahan
1%
Ochsenhausen
1%
Orlamünde
1%
Ortenburg
1%
Oswestry
1%
Öttingen
1%
Ottobeuren
1%
Ovruch
1%
Payerne
1%
Perche
1%
Pfullendorf
1%
Pitigliano
1%
Poljica
1%
Pronsk
1%
Prüm
1%
Putivl
1%
Püttlingen
1%
Querfort
1%
Radnor
1%
Rappolstein
1%
Ratzeburg
1%
Raugraviate
1%
Rheingraviate
1%
Richard's Castle
1%
Rieneck
1%
Rietberg
1%
Rosheim
1%
Rottenmünster
1%
Rottweil
1%
Rutul
1%
Rylsk
1%
Rzhev
1%
Saarwerden
1%
Salem
1%
Sargans
1%
Sausenburg
1%
Sayn
1%
Schauenburg
1%
Schlettstadt
1%
Schönburg
1%
Schwalenberg
1%
Scinawa
1%
Senarica
1%
Shuya
1%
Simsir
1%
Solms
1%
Soroca
1%
Sovana
1%
Spiegelberg
1%
Sponheim
1%
Stavelot-Malmedy
1%
St. Blaise
1%
St Clears
1%
St. Maurice
1%
Stolberg
1%
Stühlingen
1%
Tabasaran
1%
Tarusa
1%
The Glens
1%
Toggenburg
1%
Tonnerre
1%
Toropets
1%
Torzhok
1%
Tresana
1%
Truhendingen
1%
Turckheim
1%
Überlingen
1%
Urseren
1%
Usk
1%
Valona
1%
Vaudemont
1%
Veldenz
1%
Ventimiglia
1%
Veringen
1%
Waldburg
1%
Waldenburg
1%
Walkenried
1%
Wangen
1%
Weggis
1%
Weil
1%
Weingarten
1%
Weissenburg
1%
Werdenburg
1%
Werden-Helmstedt
1%
Wernigerode
1%
Wertheim
1%
Westerburg
1%
Wetzlar
1%
Wied
1%
Wildenburg
1%
Wimpfen
1%
Windsheim
1%
Wissembourg
1%
Wittgenstein
1%
Wunstorf
1%
Yelets
1%
Ystlwyf
1%
Żagań
1%
Ziebice
1%
Ziegenhain
1%
Zvenigorod
1%
Zweifalten
1%
Blaenllynfi
0%
Caldecote
0%
Cantref Bychan
0%
Carnwyllion
0%
Cwmwd Deuddwr
0%
Elfael
0%
Emlyn
0%
Ewyas
0%
Gwrtheyrnion
0%
Gwynllwg
0%
Hawarden
0%
Hopedale
0%
Is Cennen
0%
Kidwelly
0%
Laugharne
0%
Llansteffan
0%
Llawhaden
0%
Maelor Saesneg
0%
Narberth
0%
Pebidiog
0%
Schussenried
0%
Sirichgaran
0%
Stapleton
0%
Stauferstadt
0%
Tregrug
0%
Trelech
0%
Vyazemskoy
0%
Wigmore
0%
Zaozyorye
0%
No matching quizzes found
Score Distribution
Percent of People with Each Score
Percentile by Number Answered
Your Score History
You have not taken this quiz since the last reset